Anglo-Egyptian relations, 1800-1956 / (Record no. 38494)
[ view plain ]
| 000 -LEADER | |
|---|---|
| fixed length control field | 00814nam a2200277 a 4500 |
| 001 - CONTROL NUMBER | |
| control field | 38494 |
| 003 - CONTROL NUMBER IDENTIFIER | |
| rucl marc code | BD-RjUL |
| 005 - DATE AND TIME OF LATEST TRANSACTION | |
| control field | 20211209052816.0 |
| 008 - FIXED-LENGTH DATA ELEMENTS--GENERAL INFORMATION | |
| fixed length control field | 151221s1965 xx 000 0 eng |
| 035 ## - SYSTEM CONTROL NUMBER | |
| System control number | (BD-RjUL)38599 |
| System control number | (OCoLC) |
| 040 ## - CATALOGING SOURCE | |
| Original cataloging agency | DLC |
| Transcribing agency | MeWC |
| Modifying agency | Uk |
| -- | DLC |
| Language of cataloging | eng |
| 041 ## - LANGUAGE CODE | |
| Language code of text/sound track or separate title | eng |
| 082 ## - DEWEY DECIMAL CLASSIFICATION NUMBER | |
| Classification number | 327.42062 |
| Edition number | 23 |
| Author mark and year | MAA 1965 |
| 100 1# - MAIN ENTRY--PERSONAL NAME | |
| Personal name | Marlowe, John |
| 9 (RLIN) | 118851 |
| 245 10 - TITLE STATEMENT | |
| Title | Anglo-Egyptian relations, 1800-1956 / |
| Statement of responsibility, etc. | John Marlowe |
| 250 ## - EDITION STATEMENT | |
| Edition statement | 2d ed. |
| 260 ## - PUBLICATION, DISTRIBUTION, ETC. (IMPRINT) | |
| Place of publication, distribution, etc. | London |
| Name of publisher, distributor, etc. | F. Cass, |
| Date of publication, distribution, etc. | 1965. |
| 300 ## - PHYSICAL DESCRIPTION | |
| Pagination | 468 p. ; |
| Size | 22 cm. |
| 504 ## - BIBLIOGRAPHY, ETC. NOTE | |
| Bibliography, etc | Bibliography: p. 433-[435] |
| 651 #0 - SUBJECT ADDED ENTRY--GEOGRAPHIC NAME | |
| Geographic name | Egypt |
| General subdivision | History |
| Chronological subdivision | 1798- |
| 9 (RLIN) | 118852 |
| Geographic name | Egypt |
| General subdivision | Foreign relations |
| Geographic subdivision | Great Britain. |
| 9 (RLIN) | 118853 |
| Geographic name | Great Britain |
| General subdivision | Foreign relations |
| Geographic subdivision | Egypt. |
| 9 (RLIN) | 118854 |
| 942 ## - ADDED ENTRY ELEMENTS (KOHA) | |
| Source of classification or shelving scheme | Dewey Decimal Classification |
| Koha item type | Books |
| Lost status | Source of classification or shelving scheme | Damaged status | Not for loan | Collection code | Permanent Location | Current Location | Shelving location | Date acquired | Source of acquisition | Cost, normal purchase price | Total Checkouts | Full call number | Date last seen | Date checked out | Copy number | Koha item type |
|---|---|---|---|---|---|---|---|---|---|---|---|---|---|---|---|---|
| Dewey Decimal Classification | Non-fiction | Central Library, University of Rajshahi | Central Library, University of Rajshahi | 29/10/1970 | Sheets and leithigs | 84.00 | 1 | 327.42062 MAA 1965 | 28/12/2015 | 23/12/2015 | C-2 | Books | ||||
| Dewey Decimal Classification | Non-fiction | Central Library, University of Rajshahi | Central Library, University of Rajshahi | 07/01/1969 | zeitlinger | 84.00 | 327.42062 MAA 1965 | 09/08/2016 | C-3 | Books | ||||||
| Dewey Decimal Classification | Non-fiction | Central Library, University of Rajshahi | Central Library, University of Rajshahi | 07/01/1969 | zeitlinger | 84.00 | 327.42062 MAA 1965 | 09/08/2016 | C-4 | Books |